000 00525nam a2200181 4500
001 14872
005 20230410120750.0
008 060907n2001 dr spa
020 _a1586481304
035 _9funglode14997
041 _aEN
050 1 4 _aHV 6432 H847 2001
245 0 _aHow did this happen :
_bterrorism and the new war /
_cEdited by James F. Hoge Jr. , Gideon Rose
260 _aNew York :
_bPublicaffairs,
_c2001
300 _axiv, 324 p.
700 _aHoge, James \ Rose, Gideon
942 _2lcc
_cbk
999 _c51429
_d51429